Antilles - Mort subite - Statistiques

Statistiques générales
  • Ce quiz a été pris 302 fois
  • Le résultat moyen est 11 sur 15
Answers on the Grid
Answers color-coded by a green-red scale on the quiz's grid according to % correct below.
Cuba
Jamaïque
Porto Rico
Haïti
République dominicaine
Bahamas
Guadeloupe
Martinique
Trinité-et-Tobago
Saint-Vincent-et-les-Grenadines
Grenade
Dominique
Sainte-Lucie
Saint-Barthélemy
Saint-Christophe-et-Niévès
Wallis et Futuna
Îles Malouines
Saint-Pierre-et-Miquelon
Chypre
Sao Tomé-et-Principe
Maurice
Sri Lanka
Hawaï
Nouvelle-Zélande
 
Statistiques - réponses
Réponse % Correct
Guadeloupe
86%
Martinique
83%
Sainte-Lucie
79%
Haïti
78%
Jamaïque
78%
Dominique
77%
République dominicaine
77%
Cuba
74%
Saint-Vincent-et-les-Grenadines
74%
Trinité-et-Tobago
73%
Grenade
72%
Bahamas
70%
Saint-Barthélemy
70%
Saint-Christophe-et-Niévès
70%
Porto Rico
64%
Aucun quiz correspondant
Distribution des résultats
% des personnes avec chaque résultat
Percentile par nombre de réponses
Votre historique - résultats
Vous n’avez pas pris ce quiz